000 00433nam a2200169Ia 4500
008 230725s2000 xx 000 0 und d
041 _aeng
082 _a615.19
_bBEC/STE
100 _aBECKETT,STENLAKE
245 _aPRACTICAL PHARMACEUTICAL CHEMISTRY PART-II
260 _bC.B.S. PUBLISHERS & DISTRUTORS
_c2000
300 _a602
500 _aTEXT BOOK
501 _aPC
520 _aPB
650 _aPHARMACEUTICAL CHEMISTRY
999 _c768124
_d768124